Toutes les communes de la Seine-Saint-Denis avec une carte - Statistiques

Statistiques générales
  • Ce quiz a été pris 7 409 fois
    2 504 depuis la dernière actualisation
  • Le résultat moyen est 26 sur 39
Réponses sur la Carte
Les réponses sont colorées sur une échelle allant du rouge au vert en fonction du pourcentage des utilisateurs qui les ont devinées à leur premier essai. Vous pouvez retrouver ces pourcentages ci-dessous.
 
Statistiques - réponses
Réponse % Correct
Saint-Denis
97%
Aubervilliers
88%
Bobigny
86%
Montreuil
86%
Aulnay-sous-Bois
82%
Pantin
80%
Sevran
80%
Bondy
79%
Drancy
78%
Saint-Ouen
78%
La Courneuve
77%
Les Lilas
74%
Noisy-le-Grand
73%
Bagnolet
71%
Noisy-le-Sec
70%
Rosny-sous-Bois
69%
Le Blanc-Mesnil
68%
Villepinte
67%
Stains
66%
Tremblay-en-France
66%
Le Raincy
65%
Le Bourget
63%
L'Île-Saint-Denis
63%
Montfermeil
63%
Romainville
61%
Gagny
60%
Le Pré-Saint-Gervais
60%
Clichy-sous-Bois
59%
Épinay-sur-Seine
58%
Livry-Gargan
58%
Villemomble
57%
Villetaneuse
55%
Neuilly-Plaisance
54%
Neuilly-sur-Marne
54%
Dugny
50%
Les Pavillons-sous-Bois
45%
Coubron
43%
Vaujours
43%
Gournay-sur-Marne
41%
Aucun quiz correspondant
Distribution des résultats
% des personnes avec chaque résultat
Percentile par nombre de réponses
Votre historique - résultats
Vous n’avez pas pris ce quiz depuis la dernière actualisation